Aprendizaje y memoria humana: aspectos básicos y evolutivos

Na minha lista:
Detalhes bibliográficos
Principais autores: Alcalde Cuevas, Concepción (autor), Navarro Guzmán, José I (Autor)
Formato: Livro
Idioma:espanhol
Publicado em: Madrid McGraw-Hill 1993
Assuntos:
Tags: Adicionar Tag
Sem tags, seja o primeiro a adicionar uma tag!

MARC

LEADER 00000nam a2200000 a 4500
001 UCX8959
003 CL-VaPUC
008 940509e19930000SP |||||||||||||||||spa|d
082 0 4 |a 153.1  |b ALC  |2 21 
100 |a Alcalde Cuevas, Concepción  |e autor  |9 326215 
700 0 |a Navarro Guzmán, José I  |e author  |9 326216 
245 1 0 |a Aprendizaje y memoria humana: aspectos básicos y evolutivos 
300 |a 776 p 
942 |c BK 
945 |d 19940509 00:00:00  |a rbrito 
260 |a Madrid  |b McGraw-Hill  |c 1993 
650 0 |a Memoria  |9 266549 
650 0 |a Inteligencia  |9 267038 
650 0 |a Mnemotecnia  |9 310301 
583 |a last modification  |c 19940509 00:00:00  |k Rodrigo Vera 
999 |c 228322  |d 228320 
952 |0 0  |1 0  |4 0  |6 153_100000000000000_ALC_1993  |7 0  |8 A  |9 228265  |a BIBEDU  |b BIBEDU  |d 2019-11-15  |i 2972794  |o 153.1 ALC 1993  |p 2972794  |r 2019-11-15  |w 2019-11-15  |y BK  |k EDU 
952 |0 0  |1 0  |4 0  |6 153_100000000000000_ALC_1993  |7 0  |8 A  |9 228266  |a BIBEDU  |b BIBEDU  |d 2019-11-15  |i 2996294  |o 153.1 ALC 1993  |p 2996294  |r 2019-11-15  |w 2019-11-15  |y BK  |k EDU 
952 |0 0  |1 0  |4 0  |6 153_100000000000000_ALC_1993  |7 0  |8 A  |9 228267  |a FDOPOS  |b FDOPOS  |d 2019-11-15  |i 3002284  |o 153.1 ALC 1993  |p 3002284  |r 2025-01-22  |w 2019-11-15  |y BK  |k MED